Taylor Swift - Devine les chansons par leurs 1ère phrases #14 - Statistiques

Statistiques générales
  • Ce quiz a été pris 96 fois
  • Le résultat moyen est 5 sur 15
Statistiques - réponses
Hint Réponse % Correct
There's glitter on the floor after the party New Year’s Day
89%
Why would you wanna break *** A Perfectly Good Heart
46%
Honey, when I'm above the trees Happiness
46%
I was in my new house placing daydreams Cassandra
39%
It only hurts this much right now Labyrinth
39%
Stand there like a ghost How You Get The Girl
33%
My only one hoax
32%
1, 2, 3, 4, Give me the keys, I'll bring the car back around Run
26%
Tall, dark, and *** Superman
21%
New to town with a made-up name The Lucky One
20%
The smoke cloud billows out his mouth I Can Fix Him (No Really I Can)
17%
The buttons of my coat were tangled in my hair Soon You’ll Get Better
17%
I see your face in my mind as I drive away Breathe
14%
We used to walk along the streets We Were Happy
9%
Wish I had concentrated, I Heart?
8%
Aucun quiz correspondant
Distribution des résultats
% des personnes avec chaque résultat
Percentile par nombre de réponses
Votre historique - résultats
Vous n’avez pas pris ce quiz